Normal view MARC view
  • Built Environment

Entry Topical Term

Number of records used in: 24

001 - CONTROL NUMBER

  • control field: 6307

003 - CONTROL NUMBER IDENTIFIER

  • control field: OSt

005 - DATE AND TIME OF LATEST TRANSACTION

  • control field: 20221125124643.0

008 - FIXED-LENGTH DATA ELEMENTS

  • fixed length control field: 190724|| aca||babn | a|a d

040 ## - CATALOGING SOURCE

  • Original cataloging agency: OSt

150 ## - HEADING--TOPICAL TERM

  • Topical term or geographic name entry element: Built Environment